00752cam a2200229 a 450000100100000000500170001000800410002702000150006804000250008308200200010810000340012824500500016226000580021230000210027049000440029158600410033565000240037665000260040065000210042665000290044783000460047600001001120200929161812.0981015s1998 ck 000 p spa  a9588052009 aDO-SdBNPbspacBNPHU aCo861.44bT693v1 aTorres Duque, Óscar,d1963-10aVisitación del hoy /cÓscar Torres Duque. aBogotá, (Colombia) :bMinisterio de Cultura,c1998. a139 p. ;c21 cm.1 aPremios nacionales de culturaaPoesía aPremios nacionales de cultura, 1997. 4aPoesía colombiana 4aLiteratura colombiana 4aPoesía amorosa 4aVida cotidianaxPoesía 0aPremios nacionales de cultura ;pPoesía